Finding a way in international development : (Record no. 593519)
[ view plain ]
| 000 -LEADER | |
|---|---|
| fixed length control field | 01336cam a2200277 a 4500 |
| 001 - CONTROL NUMBER | |
| control field | 17437573 |
| 005 - DATE AND TIME OF LATEST TRANSACTION | |
| control field | 20230306102940.0 |
| 008 - FIXED-LENGTH DATA ELEMENTS--GENERAL INFORMATION | |
| fixed length control field | 120822s2013 coua b 001 0 eng |
| 010 ## - LIBRARY OF CONGRESS CONTROL NUMBER | |
| LC control number | 2012034293 |
| 020 ## - INTERNATIONAL STANDARD BOOK NUMBER | |
| International Standard Book Number | 978-93-85919-00-8 |
| 040 ## - CATALOGING SOURCE | |
| Original cataloging agency | DLC |
| Transcribing agency | DLC |
| Modifying agency | DLC |
| 042 ## - AUTHENTICATION CODE | |
| Authentication code | pcc |
| 050 00 - LIBRARY OF CONGRESS CALL NUMBER | |
| Classification number | HD77 |
| Item number | .P37 2013 |
| 082 00 - DEWEY DECIMAL CLASSIFICATION NUMBER | |
| Classification number | 338.91, PAR |
| Edition number | 23 |
| 100 1# - MAIN ENTRY--PERSONAL NAME | |
| Personal name | Parkinson, Sarah, |
| Dates associated with a name | 1974- |
| 9 (RLIN) | 109780 |
| 245 10 - TITLE STATEMENT | |
| Title | Finding a way in international development : |
| Remainder of title | options for ethical and effective work / |
| Statement of responsibility, etc. | Sarah Parkinson. |
| 250 ## - EDITION STATEMENT | |
| Edition statement | 1st ed. |
| 260 ## - PUBLICATION, DISTRIBUTION, ETC. | |
| Place of publication, distribution, etc. | Boulder, Colo. : |
| Name of publisher, distributor, etc. | Kumarian Press, |
| Date of publication, distribution, etc. | 2013. |
| 300 ## - PHYSICAL DESCRIPTION | |
| Extent | viii, 273 p. : |
| Other physical details | ill. ; |
| Dimensions | 24 cm. |
| 505 0# - FORMATTED CONTENTS NOTE | |
| Formatted contents note | The idea of international development (Page-19), The international development system in practice (Page-35), Development organizations (Page-55), Facing ourselves (Page-85), Learning the system (Page-105), Learning to be effective (Page-127), The drifters (Page-155), The team players (Page-177), The visionaries (Page-199), Opting out (Page-221), Conclusion (Page-241). |
| 650 #0 - SUBJECT ADDED ENTRY--TOPICAL TERM | |
| Topical term or geographic name entry element | Economic development. |
| 650 #0 - SUBJECT ADDED ENTRY--TOPICAL TERM | |
| Topical term or geographic name entry element | Non-governmental organizations. |
| 9 (RLIN) | 109781 |
| 906 ## - LOCAL DATA ELEMENT F, LDF (RLIN) | |
| a | 7 |
| b | cbc |
| c | orignew |
| d | 1 |
| e | ecip |
| f | 20 |
| g | y-gencatlg |
| 942 ## - ADDED ENTRY ELEMENTS (KOHA) | |
| Source of classification or shelving scheme | |
| Koha item type | Book |
| Withdrawn status | Lost status | Source of classification or shelving scheme | Damaged status | Not for loan | Permanent Location | Current Location | Shelving location | Date acquired | Full call number | Barcode | Date last seen | Price effective from | Koha item type | Public note |
|---|---|---|---|---|---|---|---|---|---|---|---|---|---|---|
| Military College of Signals (MCS) | Military College of Signals (MCS) | General Stacks | 03/15/2023 | 338.91, PAR | MCS37647 | 03/06/2023 | 03/06/2023 | Book | Almirah No.50, Shelf No.4 |
